Masalah perkreditan dan industri ketjil; (Record no. 64216)

MARC details
000 -LEADER
fixed length control field 00742cam a22002531 4500
001 - CONTROL NUMBER
control field sa 65005255
003 - CONTROL NUMBER IDENTIFIER
control field DLC
005 - DATE AND TIME OF LATEST TRANSACTION
control field 20260227112136.0
008 - FIXED-LENGTH DATA ELEMENTS--GENERAL INFORMATION
fixed length control field 890106s1963 io a 000 0 ind
010 ## - LIBRARY OF CONGRESS CONTROL NUMBER
LC control number sa 65005255
035 ## - SYSTEM CONTROL NUMBER
System control number (OCoLC)23554241
040 ## - CATALOGING SOURCE
Original cataloging agency DLC
Transcribing agency MiU
Modifying agency DLC
042 ## - AUTHENTICATION CODE
Authentication code premarc
043 ## - GEOGRAPHIC AREA CODE
Geographic area code a-io---
050 00 - LIBRARY OF CONGRESS CALL NUMBER
Classification number HG3729.I52
Item number U54 1963
110 2# - MAIN ENTRY--CORPORATE NAME
Corporate name or jurisdiction name as entry element Universitas Indonesia.
Subordinate unit Lembaga Penyelidikan Ekonomi dan Masyarakat.
245 10 - TITLE STATEMENT
Title Masalah perkreditan dan industri ketjil;
260 ## - PUBLICATION, DISTRIBUTION, ETC.
Place of publication, distribution, etc. Djakarta,
Date of publication, distribution, etc. 1963.
300 ## - PHYSICAL DESCRIPTION
Extent ii, 95 p.
Other physical details illus.
Dimensions 29 cm.
650 #0 - SUBJECT ADDED ENTRY--TOPICAL TERM
Topical term or geographic name entry element Small business
Geographic subdivision Indonesia
General subdivision Finance.
700 1# - ADDED ENTRY--PERSONAL NAME
Personal name Panglaykim, J.
Relator term ed.
700 1# - ADDED ENTRY--PERSONAL NAME
Personal name Muljodihardjo, Julianto,
Relator term ed.
700 1# - ADDED ENTRY--PERSONAL NAME
Personal name Didong, Rustam,
Relator term ed.

No items available.

Powered by Koha